Modern-Day Countries Visited by US Presidents - Statistics

General Stats
  • This quiz has been taken 122 times
  • The average score is 90 of 115
Answer Stats
Geographic Region Number of Visits Answer % Correct
Europe 21 Russia
97%
Europe 44 United Kingdom
94%
Europe 31 Italy
93%
South America 13 Brazil
92%
Europe 45 France
92%
Asia 13 China
91%
North America 33 Mexico
91%
South America 5 Chile
90%
Europe 2 Norway
90%
Europe 14 Poland
90%
Europe 8 Portugal
90%
Africa 4 South Africa
90%
Europe 6 Ukraine
90%
North America 42 Canada
89%
Africa 16 Egypt
89%
Europe 6 Finland
89%
Asia 23 Japan
89%
Asia 19 South Korea
89%
Europe 2 Sweden
89%
South America 7 Argentina
88%
Oceania 8 Australia
88%
Europe 32 Germany
88%
Europe 4 Greece
88%
Europe 11 Ireland
88%
South America 3 Peru
88%
Europe 10 Spain
88%
Europe 20 Belgium
87%
North America 2 Cuba
87%
Europe 4 Denmark
87%
Europe 1 Lithuania
87%
Europe 6 Netherlands
87%
Europe 12 Switzerland
87%
Europe 6 Austria
85%
South America 8 Colombia
85%
Europe 6 Czech Republic
85%
Europe 2 Estonia
85%
Asia 11 Israel
85%
Europe 3 Latvia
85%
Asia 1 North Korea
85%
Asia 4 Iran
84%
Asia 6 Iraq
84%
Oceania 2 New Zealand
84%
Europe 5 Romania
84%
Asia 12 Saudi Arabia
84%
Asia 6 Turkey
84%
Asia 8 Indonesia
83%
Europe 3 Slovenia
83%
South America 4 Venezuela
83%
Europe 1 Albania
82%
North America 2 Haiti
82%
Asia 8 India
82%
Asia 5 Pakistan
82%
South America 5 Uruguay
82%
Europe 21 Vatican City
82%
North America 10 Panama
81%
Europe 3 Serbia
81%
Europe 1 Slovakia
81%
Europe 2 Bulgaria
80%
Europe 3 Croatia
80%
Africa 1 Kenya
80%
Africa 3 Morocco
80%
Asia 1 Qatar
80%
Asia 8 Vietnam
80%
Europe 2 Iceland
79%
Asia 1 Oman
79%
Europe 2 Belarus
78%
North America 6 Costa Rica
78%
Asia 1 Laos
78%
North America 2 Nicaragua
78%
South America 1 Suriname
78%
Asia 1 United Arab Emirates
78%
North America 3 Honduras
76%
North America 3 Jamaica
76%
Asia 1 Cambodia
75%
Africa 2 (French) Algeria
75%
Europe 4 Hungary
75%
Asia 3 Malaysia
75%
Africa 3 Nigeria
75%
Asia 7 Thailand
75%
Africa 3 Tunisia
75%
Europe 3 Bosnia and Herzegovina
74%
North America 3 Guatemala
74%
Europe 2 Kosovo
74%
Asia 1 Mongolia
74%
North America 5 Bahamas
73%
Asia 5 Singapore
73%
Asia 2 Syria
73%
Asia 8 Afghanistan
72%
North America 4 El Salvador
72%
Asia 2 Myanmar
71%
Asia 1 Taiwan
71%
Asia 6 Jordan
70%
Asia 2 Kuwait
69%
Africa 1 Ethiopia
67%
Asia 10 Philippines
67%
North America 2 Barbados
66%
Asia 1 Georgia
66%
Europe 1 (North) Macedonia
66%
Asia 1 Bangladesh
65%
Africa 3 Ghana
65%
Europe 3 Malta
65%
North America 5 Trinidad and Tobago
65%
Asia 1 Bahrain
64%
Africa 3 Liberia
64%
Africa 1 Somalia
64%
Africa 3 Tanzania
64%
North America 1 Grenada
63%
North America 1 Saint Lucia
63%
Africa 2 Uganda
63%
Africa 2 Senegal (West French Africa)
61%
Asia 1 Brunei
57%
Africa 2 Rwanda
57%
Africa 2 Botswana
52%
Africa 2 Gambia
44%
Africa 1 Benin
39%
No matching quizzes found
Score Distribution
Percent of People with Each Score
Percentile by Number Answered
Your Score History
You have not taken this quiz